00365nam a2200121Ia 4500008004100000041000800041082001000049100001400059245001900073260002800092999001900120952010400139231212s1994 xx 000 0 und d aeng a604.2 aPowell P. aPrincipales Of aNew YorkbMc Grawc1994 c964640d964640 00104070aITMbITMd2023-12-13g446.00l0o604.2pITM-P-7492r2023-12-13 00:00:00w2023-12-13yBK